[Event "Wch Blitz"]
[Site "Warsaw"]
[Date "2021.12.29"]
[Round "5"]
[White "Kanarek, Marcel"]
[Black "Krasenkow, Michal"]
[Result "1-0"]
[WhiteElo "2484"]
[BlackElo "2576"]
[PlyCount "110"]
[EventDate "2021.12.29"]
[EventType "swiss (blitz)"]
[EventRounds "21"]
[EventCountry "POL"]
[SourceTitle "CBM 205 Extra"]
[Source "ChessBase"]
[SourceDate "2022.01.31"]
[SourceVersion "1"]
[SourceVersionDate "2022.01.31"]
[SourceQuality "1"]

1. e4 e5 2. Nf3 Nf6 3. Nxe5 d6 4. Nf3 Nxe4 5. c4 d5 6. Nc3 Nxc3 7. dxc3 c6 8. cxd5 cxd5 9. Bb5+ Nc6 10. 0-0 Be7 11. Ne5 Qd6 12. Qa4 Bd7 13. Bf4 Nxe5 14. Bxe5 Qxe5 15. Bxd7+ Kf8 16. Rfe1 Qd6 17. Rad1 Rd8 18. Bg4 Qb6 19. Re2 g6 20. Bf3 d4 21. Rxd4 Rxd4 22. Qxd4 Qxd4 23. cxd4 b6 24. Rc2 Bd6 25. Kf1 Ke7 26. h4 Rd8 27. Ke2 Bb8 28. Kd3 Be5 29. d5 Bd6 30. h5 Kf6 31. Rc4 Re8 32. Ra4 a5 33. hxg6 hxg6 34. Kc4 Bc5 35. Kb5 Bxf2 36. d6 Rc8 37. Bc6 Ke6 38. d7 Rd8 39. Re4+ Kd6 40. Rf4 Bc5 41. Rxf7 Kc7 42. Rg7 Bd4 43. Rxg6 Bxb2 44. a4 Rh8 45. Rg5 Bf6 46. Rf5 Bd8 47. g4 Rh4 48. Bf3 Rh2 49. Rh5 Rb2+ 50. Ka6 Rb4 51. g5 Rxa4 52. g6 Ra1 53. Rg5 Bf6 54. g7 Bxg7 55. Rxg7 Re1 1-0

[Event "Wch Rapid"]
[Site "Warsaw"]
[Date "2021.12.28"]
[Round "12"]
[White "Kanarek, Marcel"]
[Black "Lima, Darcy Gustavo Macha"]
[Result "1-0"]
[WhiteElo "2484"]
[BlackElo "2507"]
[PlyCount "85"]
[EventDate "2021.12.26"]
[EventType "swiss (rapid)"]
[EventRounds "13"]
[EventCountry "POL"]
[SourceTitle "CBM 205 Extra"]
[Source "ChessBase"]
[SourceDate "2022.01.31"]
[SourceVersion "1"]
[SourceVersionDate "2022.01.31"]
[SourceQuality "1"]

1. e4 e5 2. Nf3 Nc6 3. Bb5 Bc5 4. c3 Nf6 5. d3 0-0 6. 0-0 d6 7. Bxc6 bxc6 8. Be3 Bxe3 9. fxe3 c5 10. Nbd2 a5 11. d4 Ng4 12. Re1 cxd4 13. exd4 f6 14. h3 Nh6 15. Nf1 Be6 16. Ng3 Nf7 17. b3 c6 18. c4 Qb6 19. Kh1 c5 20. dxe5 dxe5 21. Nf1 Nd8 22. Ne3 Rf7 23. Nd5 Qb8 24. Rb1 Nc6 25. a3 Rb7 26. Re3 Qf8 27. a4 Rab8 28. Rc1 Nd4 29. Nxd4 cxd4 30. Rg3 Rc8 31. Qd2 Rc5 32. Rf1 Kh8 33. h4 Bxd5 34. exd5 Rb6 35. Qe2 Rc7 36. Qxe5 Rcb7 37. Qxd4 Qb8 38. Re3 Rxb3 39. Rxb3 Rxb3 40. d6 Qd8 41. Re1 h6 42. d7 Kh7 43. Qe4+ 1-0

[Event "Wch Rapid"]
[Site "Warsaw"]
[Date "2021.12.26"]
[Round "2"]
[White "Czarnota, Pawel"]
[Black "Kanarek, Marcel"]
[Result "1-0"]
[WhiteElo "2502"]
[BlackElo "2484"]
[PlyCount "61"]
[EventDate "2021.12.26"]
[EventType "swiss (rapid)"]
[EventRounds "13"]
[EventCountry "POL"]
[SourceTitle "CBM 205 Extra"]
[Source "ChessBase"]
[SourceDate "2022.01.31"]
[SourceVersion "1"]
[SourceVersionDate "2022.01.31"]
[SourceQuality "1"]

1. e4 c5 2. Nf3 e6 3. d4 cxd4 4. Nxd4 Nf6 5. Nc3 Nc6 6. Nxc6 bxc6 7. Bd3 d5 8. 0-0 Be7 9. Qe2 0-0 10. b3 Nd7 11. Bb2 Bf6 12. Rad1 g6 13. f4 Bg7 14. e5 c5 15. Nb5 a6 16. Nd6 c4 17. Bxc4 dxc4 18. Qxc4 Nb6 19. Qc5 Nd7 20. Qe3 Qb6 21. Bd4 Qc6 22. Rf2 a5 23. Rd3 Ra6 24. Rc3 Qa8 25. Rc7 Rd8 26. Nxc8 Qb8 27. Qc3 Qb4 28. Qxb4 axb4 29. Ne7+ Kf8 30. Nc6 Rda8 31. Nxb4 1-0

[Event "Wch Rapid"]
[Site "Warsaw"]
[Date "2021.12.26"]
[Round "1"]
[White "Kanarek, Marcel"]
[Black "Corrales Jimenez, Fidel"]
[Result "0-1"]
[WhiteElo "2484"]
[BlackElo "2530"]
[PlyCount "100"]
[EventDate "2021.12.26"]
[EventType "swiss (rapid)"]
[EventRounds "13"]
[EventCountry "POL"]
[SourceTitle "CBM 205 Extra"]
[Source "ChessBase"]
[SourceDate "2022.01.31"]
[SourceVersion "1"]
[SourceVersionDate "2022.01.31"]
[SourceQuality "1"]

1. e4 c5 2. Nf3 d6 3. d4 cxd4 4. Nxd4 Nf6 5. Nc3 a6 6. a4 e5 7. Nf3 Be7 8. Bg5 0-0 9. Bxf6 Bxf6 10. Bc4 Nc6 11. Nd5 Be6 12. 0-0 Bg5 13. c3 Kh8 14. Re1 Bh6 15. h3 Rc8 16. Ba2 g6 17. b4 a5 18. Qd3 f5 19. b5 Nb8 20. Nb6 fxe4 21. Rxe4 Qxb6 22. Bxe6 Rce8 23. Bg4 Rd8 24. c4 Nd7 25. Bxd7 Rxd7 26. Rd1 Rdd8 27. Qd5 Qc7 28. Rd3 Kg7 29. Ne1 Bg5 30. Nf3 Be7 31. h4 Rf5 32. g3 Rdf8 33. Kg2 b6 34. Re2 Rc8 35. Nd2 Rd8 36. Ne4 Qc8 37. Nc3 Rdf8 38. Qc6 Qe6 39. Nd5 Qf7 40. Qxb6 Bd8 41. Qe3 e4 42. Rdd2 g5 43. Qd4+ Re5 44. hxg5 Bxg5 45. Rc2 Kg8 46. Kg1 Qf3 47. Ne3 Bf6 48. Qxd6 Rd8 49. Qb6 Rh5 50. Qe6+ Kh8 0-1